| 000 | 00378pam a2200169 a 4500 | ||
|---|---|---|---|
| 020 | _c | ||
| 041 | _h | ||
| 082 |
_a621.381 _bGRO |
||
| 100 | _aGROB BENARD. | ||
| 245 |
_aBASIC ELECTRONICS/ _hTextual Documents |
||
| 250 | _a01-01-1984. | ||
| 260 | _bMC GRAWHILL | ||
| 300 | _aix 737 | ||
| 500 | _a827 | ||
| 653 | _aAUDIO VIDEO ENGINEERING (B.E.ELECTIVE-II) | ||
| 930 | _a648 | ||
| 999 |
_c43878 _d43878 |
||